000 01067nam a2200265 a 4500
001 000004031
005 20240409073638.0
008 090716s2008 dr a 000 0bspa d
040 _aDO-SdBNP
_bspa
_cBNPHU
082 _a282.7293
_bC531i
100 1 _aChez Checo, José,
_d1949-
_910145
245 1 3 _aLa Iglesia Católica y el final de la dictadura de Trujillo :
_bentrevista a Monseñor Roque Adames /
_cJosé Chez Checo.
246 1 _aEntrevista a monseñor Roque Adames /
260 _aSanto Domingo :
_bBúho,
_c2008.
300 _a78 p. :
_bil., retr. ;
_c19 cm.
490 1 _aHistoria total
_v12
590 _aInventariado, 2018/ YL
500 _aIncluye datos biografícos del autor.
600 1 4 _aADAMES RODRÍGUEZ, ROQUE ANTONIO,
_cMONS.
_d1928-2009
_xENTREVISTAS
_912042
650 4 _aIglesia católica
_zRepública Dominicana
_xHistoria
_ySIGLO XX
_912043
650 4 _aIglesia y estado en república dominicana
_xSiglo xx
_912044
650 4 _aClero
_xEntrevistas
_912045
830 0 _aHistoria total
_n12
_912046
910 _aValidado. Control de calidad EMS.
999 _c3850
_d3850